Chief Albert Lutuli of South Africa. (Record no. 120009)
[ view plain ]
| 000 -LEADER | |
|---|---|
| fixed length control field | 00842cam a2200301 4500 |
| 001 - CONTROL NUMBER | |
| control field | 2683182 |
| 003 - CONTROL NUMBER IDENTIFIER | |
| control field | ARRUPE |
| 005 - DATE AND TIME OF LATEST TRANSACTION | |
| control field | 20140207135330.0 |
| 008 - FIXED-LENGTH DATA ELEMENTS--GENERAL INFORMATION | |
| fixed length control field | 770307s1963 enkc b 000 0beng |
| 010 ## - LIBRARY OF CONGRESS CONTROL NUMBER | |
| LC control number | 65071339 |
| 015 ## - NATIONAL BIBLIOGRAPHY NUMBER | |
| National bibliography number | GB63-18135 |
| 035 ## - SYSTEM CONTROL NUMBER | |
| System control number | (OCoLC)ocm02783640 |
| 035 ## - SYSTEM CONTROL NUMBER | |
| System control number | (NNC)2683182 |
| 040 ## - CATALOGING SOURCE | |
| Original cataloging agency | DLC |
| Transcribing agency | VA@ |
| Modifying agency | UKM |
| -- | ZCU |
| 050 0# - LIBRARY OF CONGRESS CALL NUMBER | |
| Classification number | DT779.8.L8 |
| Item number | B4 |
| 082 04 - DEWEY DECIMAL CLASSIFICATION NUMBER | |
| Classification number | 968.050924 |
| Edition number | 18 |
| 099 ## - LOCAL FREE-TEXT CALL NUMBER (OCLC) | |
| Classification number | 968 |
| -- | L9773 |
| 300 ## - PHYSICAL DESCRIPTION | |
| Other physical details | ports. |
| Dimensions | 19 cm. |
| 100 1# - MAIN ENTRY--PERSONAL NAME | |
| Personal name | Benson, Mary. |
| 9 (RLIN) | 8537 |
| 245 10 - TITLE STATEMENT | |
| Title | Chief Albert Lutuli of South Africa. |
| 260 ## - PUBLICATION, DISTRIBUTION, ETC. (IMPRINT) | |
| Place of publication, distribution, etc | London, |
| Name of publisher, distributor, etc | Oxford University Press, |
| Date of publication, distribution, etc | 1963. |
| 300 ## - PHYSICAL DESCRIPTION | |
| Extent | vii, 68 p. |
| 490 1# - SERIES STATEMENT | |
| Series statement | A Three crowns book |
| 504 ## - BIBLIOGRAPHY, ETC. NOTE | |
| Bibliography, etc | Bibliography: p. 68. |
| 600 10 - SUBJECT ADDED ENTRY--PERSONAL NAME | |
| Personal name | Luthuli, A. J. |
| Fuller form of name | (Albert John), |
| Dates associated with a name | 1898-1967. |
| 9 (RLIN) | 8538 |
| 830 #0 - SERIES ADDED ENTRY--UNIFORM TITLE | |
| Uniform title | Three crowns book. |
| 9 (RLIN) | 8539 |
| 942 ## - ADDED ENTRY ELEMENTS (KOHA) | |
| Source of classification or shelving scheme | Library of Congress Classification |
| Koha item type | Monograph ( Printed materials) |
| Withdrawn status | Lost status | Source of classification or shelving scheme | Damaged status | Not for loan | Collection code | Home library | Current library | Shelving location | Date acquired | Total Checkouts | Full call number | Barcode | Date last seen | Price effective from | Koha item type |
|---|---|---|---|---|---|---|---|---|---|---|---|---|---|---|---|
| Library of Congress Classification | REFERENCE | ARRUPE LIBRARY | ARRUPE LIBRARY | Main Collection | 07/02/2014 | SPC DT779.8.L8 B4 | 46500000125 | 07/02/2014 | 07/02/2014 | REFERENCE |